000 00541nam a22001937a 4500
005 20260331112742.0
008 260224b |||||||| |||| 00| 0 eng d
020 _a978-93-5090-981-3
050 _aRS 125 N57 2014
_b1
100 _aNIRBHAY,GP
245 _aPRACTICE OF PATENT MEDICINE
250 _aFIFTH EDITION
260 _aINDIA
_bJAYPEE BROTHERS MEDICAL PUBLISHERS [P] Ltd
_c2014
300 _aABORTION ,BIBLIOGRAPHY
500 _aXV ,465P
650 _aPRACTICE OF PARENT MEDICINE
700 _aNIRBHAY.GP
942 _2lcc
_cBK
999 _c216622
_d216622